Housing investment in the regions (Record no. 106393)

MARC details
000 -LEADER
fixed length control field 01484cab a2200217 4500
001 - CONTROL NUMBER
control field L136437
008 - FIXED-LENGTH DATA ELEMENTS--GENERAL INFORMATION
fixed length control field 070131n2006 000 0 eng u
035 ## - SYSTEM CONTROL NUMBER
System control number (Sirsi) u136437
041 0# - LANGUAGE CODE
Language code of text/sound track or separate title eng
050 40 - LIBRARY OF CONGRESS CALL NUMBER
Classification number 306.3 $2 18
110 1# - MAIN ENTRY--CORPORATE NAME
Corporate name or jurisdiction name as entry element United Kingdom
Subordinate unit Department for Communities and Local Government
9 (RLIN) 4939
245 00 - TITLE STATEMENT
Title Housing investment in the regions
Remainder of title consultation paper and technical note
Medium [electronic resource]
260 ## - PUBLICATION, DISTRIBUTION, ETC.
Place of publication, distribution, etc. London
Name of publisher, distributor, etc. DCLG
Date of publication, distribution, etc. 2006
520 ## - SUMMARY, ETC.
Summary, etc. The Regional Housing Pot (RHP) was established as part of the new arrangements for housing funding set up by the Sustainable Communities Plan. In the years 2008-11, funding for the delivery of the necessary objectives will be allocated to local authorities and registered social landlords on advice from the English Regional Assemblies and, in London, the Mayor. However, the division of the RHP between Regions is arrived at by means of a formula reflecting key policy objectives. This paper sets out proposals for each of the indicators to be used in this formula to represent the policy objectives which UK government seeks to support through RHP funding.
650 24 - SUBJECT ADDED ENTRY--TOPICAL TERM
Topical term or geographic name entry element DCLG REGIONAL HOUSING POT
650 24 - SUBJECT ADDED ENTRY--TOPICAL TERM
Topical term or geographic name entry element SUSTAINABLE COMMUNITIES PLAN
651 #4 - SUBJECT ADDED ENTRY--GEOGRAPHIC NAME
Geographic name England
Chronological subdivision 886-
690 ## - LOCAL SUBJECT ADDED ENTRY--TOPICAL TERM (OCLC, RLIN)
Topical term or geographic name as entry element PROPERTY-RESIDENTIAL PROPERTY-RESIDENTIAL PROPERTY FINANCE AND INVESTMENT
856 40 - ELECTRONIC LOCATION AND ACCESS
Uniform Resource Identifier <a href="https://www.communities.gov.uk/index.asp?id=1504702">https://www.communities.gov.uk/index.asp?id=1504702</a>
Public note View the consultation paper free of charge at www.communities.gov.uk...
942 ## - ADDED ENTRY ELEMENTS (KOHA)
Suppress in OPAC 0
Holdings
Withdrawn status Lost status Source of classification or shelving scheme Damaged status Not for loan Home library Current library Shelving location Date acquired Total Checkouts Full call number Barcode Date last seen Copy number Price effective from Koha item type
    Dewey Decimal Classification     Virtual Virtual Online 31/01/2007   ONLINE PUBLICATION 136437-1001 06/08/2019 1 06/08/2019 Journal article